000 00703nam a22002177a 4500
005 20250403112922.0
010 _aENG-144463
020 _a9789389146424
_c 400.00
035 _aEN-127995
037 _bDBAD
082 _a620.8
_21st
245 _aEmerging Trends In Organic Products /
_cM.Inbalalakshmi
_hEnglish
250 _a1st
260 _aTamil Nadu
_c2019
_bShanlax Publications
270 _a61, 66 T.P.K. Main Road Vasantha Nagar, Madurai
_bTamil Nadu
_mpublisher@shanlaxpublications.com
300 _a 218.p
_c25cm. (Pb)
700 _aM.Inbalakshmi
_980043
700 _aR. Meera Athirai
_980171
700 _aM. Ponniah
_980172
942 _2ddc
_cEN
_h620.8
_mINB
_e1
999 _c210704
_d210704